[Event "AUTO-MASTER-1283"]
[Site "http://www.queenalice.com/game.php?id=865462"]
[Date "2010.11.29"]
[Round "1"]
[White "leduar"]
[Black "Dedeiw"]
[Result "1-0"]
[WhiteElo "1966"]
[BlackElo "2054"]

1. e4 c6 2. d4 d5 3. Nc3 dxe4 4. Nxe4 Nd7 5. Bc4 Ngf6 6. Ng5 e6 7. Qe2 Nb6 8.
Bb3 h6 9. N5f3 a5 10. a4 c5 11. dxc5 Nbd7 12. Ne5 Nxe5 13. Qxe5 Nd7 14. Qc3 Nxc5
15. Qf3 Bd6 16. Bf4 Bxf4 17. Qxf4 O-O 18. Rd1 Qb6 19. Qd4 Bd7 20. Nf3 Rad8 21.
Qc4 Bc6 22. Rxd8 Rxd8 23. Ke2 Bd5 24. Qg4 Nxb3 25. cxb3 1-0

[Event "AUTO-ADV-2087"]
[Site "http://www.queenalice.com/game.php?id=907058"]
[Date "2011.3.1"]
[Round "1"]
[White "vult0"]
[Black "Dedeiw"]
[Result "1-0"]
[WhiteElo "1851"]
[BlackElo "1859"]

1. d4 Nf6 2. c4 g6 3. Nf3 Bg7 4. e3 O-O 5. Nc3 d5 6. c5 Nbd7 7. Bd3 Re8 8. O-O
e5 9. Bc2 exd4 10. exd4 c6 11. Be3 Ne4 12. Nxe4 dxe4 13. Nd2 f5 14. Nc4 Bf8 15.
Bb3 Kh8 16. d5 cxd5 17. Qxd5 Nf6 18. Qxd8 Rxd8 19. Rfd1 Be6 20. Ne5 Bxb3 21.
axb3 Rxd1+ 22. Rxd1 Re8 23. Bd4 Kg7 24. Bc3 1-0

[Event "AUTO-ADV-2087"]
[Site "http://www.queenalice.com/game.php?id=907059"]
[Date "2011.3.1"]
[Round "1"]
[White "Dedeiw"]
[Black "vult0"]
[Result "0-1"]
[WhiteElo "1877"]
[BlackElo "1833"]

1. e4 e5 2. Nf3 d6 3. d4 exd4 4. Nxd4 c5 5. Nf3 Be6 6. Nc3 Nf6 7. Bb5+ Nfd7 8.
O-O a6 9. Bxd7+ Nxd7 10. Re1 Be7 11. Bf4 O-O 12. Bxd6 Bxd6 13. Qxd6 Qf6 14. Rad1
Bg4 15. Qxf6 Nxf6 16. e5 Bxf3 17. gxf3 Nh5 18. Ne4 b6 19. Rd6 Rab8 20. Nd2 Nf4
21. Re4 Nh3+ 22. Kg2 Ng5 23. Re3 Ne6 24. Nc4 b5 25. Na5 Nf4+ 0-1

[Event "AUTO-ADV-2087"]
[Site "http://www.queenalice.com/game.php?id=907072"]
[Date "2011.3.1"]
[Round "1"]
[White "Alffamed"]
[Black "Dedeiw"]
[Result "1-0"]
[WhiteElo "1689"]
[BlackElo "1902"]

1. b3 e5 2. Bb2 Nc6 3. e3 g6 4. f4 Bg7 5. Nf3 d6 6. Bb5 Ne7 7. h3 O-O 8. Bxc6
Nxc6 9. O-O Re8 10. fxe5 dxe5 11. d4 e4 12. Ne5 Nxe5 13. dxe5 Qg5 14. Qe2 Bxh3
15. Kh1 Bxe5 16. Bxe5 Qxe5 17. Nd2 Bd7 18. Nc4 Qg7 19. Rad1 Bf5 20. g4 Qh6+ 21.
Kg2 Qg5 22. Rf4 h5 23. Rg1 Bxg4 24. Qf2 f5 25. Kf1 Rad8 26. Nd2 Rd7 27. Qh2 Red8
28. Rg2 Qe7 29. a4 Qa3 30. Kg1 Rxd2 31. Rxd2 Qc1+ 32. Rf1 Qxd2 33. Qxd2 Rxd2 34.
Rf2 Rxf2 35. Kxf2 Bd1 36. b4 g5 37. a5 h4 38. c3 g4 39. Kg2 1-0

[Event "AUTO-ADV-2087"]
[Site "http://www.queenalice.com/game.php?id=907073"]
[Date "2011.3.1"]
[Round "1"]
[White "Dedeiw"]
[Black "Alffamed"]
[Result "1-0"]
[WhiteElo "1893"]
[BlackElo "1727"]

1. e4 c5 2. d3 d6 3. g3 e5 4. Bg2 Nc6 5. Nf3 Bg4 6. h3 Bh5 7. O-O Nd4 8. Nc3 Nf6
9. g4 Bg6 10. g5 Nh5 11. Nxd4 cxd4 12. Nd5 Be7 13. h4 O-O 14. Bf3 Nf4 15. Bxf4
exf4 16. Bh5 Bxh5 17. Qxh5 g6 18. Qg4 f5 19. Qxf4 Rc8 20. Rfc1 Qd7 21. c4 b5 22.
b3 bxc4 23. bxc4 Rb8 24. Rcb1 Rxb1+ 25. Rxb1 Qa4 26. Nxe7+ Kg7 27. exf5 gxf5 28.
Qxd4+ Kf7 29. Nxf5 Rg8 30. Qf6+ Ke8 31. Qe7# 1-0

[Event "AUTO-ADV-2087"]
[Site "http://www.queenalice.com/game.php?id=907082"]
[Date "2011.3.1"]
[Round "1"]
[White "Dedeiw"]
[Black "Elficolorean"]
[Result "0-1"]
[WhiteElo "1829"]
[BlackElo "1909"]

1. e4 c5 2. Nf3 a6 3. d3 Nc6 4. g3 d6 5. Bg2 Nf6 6. O-O e6 7. Nbd2 Be7 8. h3 O-O
9. Nh2 Qc7 10. f4 b5 11. Ndf3 Qb6 12. Be3 Bb7 13. g4 Nd4 14. c3 Nc6 15. g5 Nh5
16. Qe1 f5 0-1

[Event "AUTO-ADV-2087"]
[Site "http://www.queenalice.com/game.php?id=907083"]
[Date "2011.3.1"]
[Round "1"]
[White "Elficolorean"]
[Black "Dedeiw"]
[Result "1-0"]
[WhiteElo "1895"]
[BlackElo "1843"]

1. e4 c6 2. d4 d5 3. exd5 cxd5 4. Bd3 Nc6 5. c3 Nf6 6. f3 g6 7. Qc2 Bg7 8. Be3
O-O 9. Nd2 e5 10. dxe5 Nxe5 11. O-O-O Nxd3+ 12. Qxd3 Bf5 13. Qb5 Qc7 14. g4 Bd7
15. Qb3 a5 16. Qb6 Qc8 17. Nb3 1-0

[Event "AUTO-ADV-2266"]
[Site "http://www.queenalice.com/game.php?id=980480"]
[Date "2011.9.3"]
[Round "1"]
[White "thewhitebishop"]
[Black "Dedeiw"]
[Result "1-0"]
[WhiteElo "2037"]
[BlackElo "1647"]

1. d4 Nf6 2. c4 g6 3. Nc3 d5 4. cxd5 Nxd5 5. e4 Nxc3 6. bxc3 Bg7 7. Bc4 c5 8.
Be3 Nc6 9. Qb3 O-O 10. Ne2 cxd4 11. cxd4 Nxd4 12. Nxd4 Bxd4 13. Rd1 Qa5+ 14. Bd2
Qe5 15. f3 b6 16. Bd5 Rb8 17. f4 Qh5 18. h3 e6 19. Bb4 1-0

[Event "AUTO-ADV-2266"]
[Site "http://www.queenalice.com/game.php?id=980481"]
[Date "2011.9.3"]
[Round "1"]
[White "Dedeiw"]
[Black "thewhitebishop"]
[Result "0-1"]
[WhiteElo "1645"]
[BlackElo "1800"]

1. e4 Nf6 2. Nc3 d5 3. exd5 Nxd5 4. Nf3 Nxc3 5. bxc3 c5 6. d4 Qa5 7. Bd2 b5 8.
dxc5 Nc6 9. Nd4 Nxd4 10. cxd4 Qa4 11. Qf3 Rb8 12. c3 e5 13. Qe3 f6 14. Be2 Bb7
15. O-O Be7 16. Bd1 Qc4 17. Bb3 exd4 18. cxd4 Kd7 19. Bxc4 bxc4 0-1

[Event "AUTO-ADV-2266"]
[Site "http://www.queenalice.com/game.php?id=980494"]
[Date "2011.9.3"]
[Round "1"]
[White "coutovet"]
[Black "Dedeiw"]
[Result "1-0"]
[WhiteElo "1782"]
[BlackElo "1738"]

1. e4 c6 2. d4 d5 3. e5 Bf5 4. Bd3 Bxd3 5. Qxd3 Qa5+ 6. Bd2 Qa6 7. Nc3 e6 8.
Qxa6 Nxa6 9. O-O-O Ne7 10. g4 h5 11. f3 Ng6 12. Bg5 Be7 13. Bxe7 Kxe7 14. Nge2
hxg4 15. fxg4 Rh4 16. h3 Rah8 17. Ng1 Nf4 18. a3 1-0

[Event "AUTO-ADV-2266"]
[Site "http://www.queenalice.com/game.php?id=980495"]
[Date "2011.9.3"]
[Round "1"]
[White "Dedeiw"]
[Black "coutovet"]
[Result "0-1"]
[WhiteElo "1754"]
[BlackElo "1766"]

1. e4 e5 2. Nf3 d6 3. Bc4 h6 4. O-O Be6 5. Bb3 Bxb3 6. axb3 Nc6 7. d4 exd4 8.
Nxd4 Nxd4 9. Qxd4 Qd7 10. Rxa7 Rb8 11. Nc3 c5 12. Qd3 Be7 13. Nd5 Qc6 14. Rd1 b5
15. Nxe7 Nxe7 16. Qxd6 Qxd6 0-1

[Event "AUTO-ADV-2266"]
[Site "http://www.queenalice.com/game.php?id=980504"]
[Date "2011.9.3"]
[Round "1"]
[White "Dedeiw"]
[Black "NickThorp"]
[Result "0-1"]
[WhiteElo "1769"]
[BlackElo "1784"]

1. e4 e5 2. Nf3 Nc6 3. Bc4 Nf6 4. d3 Bb4+ 5. c3 Ba5 6. O-O O-O 7. b4 Bb6 8. a4
a5 9. b5 Ne7 10. Nxe5 d5 11. exd5 Nfxd5 12. d4 c6 13. Qc2 Bf5 14. Bd3 Bxd3 15.
Nxd3 h6 16. Ba3 Nf5 17. Bxf8 Kxf8 18. Ne5 Nxd4 19. Qh7 Nf6 20. Qh8+ Ke7 0-1

[Event "AUTO-ADV-2266"]
[Site "http://www.queenalice.com/game.php?id=980505"]
[Date "2011.9.3"]
[Round "1"]
[White "NickThorp"]
[Black "Dedeiw"]
[Result "1-0"]
[WhiteElo "1767"]
[BlackElo "1803"]

1. e4 c6 2. d4 d5 3. e5 Bf5 4. Bd3 Bxd3 5. Qxd3 e6 6. Nf3 Qa5+ 7. Bd2 Qb6 8. O-O
Qxb2 9. Bc3 Qb6 10. a4 a5 11. Nbd2 Na6 12. Rab1 Nb4 13. Bxb4 axb4 14. Qb3 Qa5
15. Ra1 Nh6 16. h3 c5 17. c4 Rd8 18. Rfc1 1-0

[Event "AUTO-OPEN-2465"]
[Site "http://www.queenalice.com/game.php?id=980650"]
[Date "2011.9.3"]
[Round "1"]
[White "Dedeiw"]
[Black "vogeleduardo"]
[Result "0-1"]
[WhiteElo "1709"]
[BlackElo "1603"]

1. e4 e5 2. Nf3 Nc6 3. Bc4 Bc5 4. c3 Nf6 5. d3 O-O 6. Nbd2 d5 7. exd5 Nxd5 8.
O-O Nf6 9. Ne4 Nxe4 10. dxe4 Bg4 11. Qe2 Qf6 12. b4 Be7 13. Be3 Bxf3 14. gxf3
Rad8 15. Kh1 Qh4 0-1

[Event "AUTO-OPEN-2465"]
[Site "http://www.queenalice.com/game.php?id=980651"]
[Date "2011.9.3"]
[Round "1"]
[White "vogeleduardo"]
[Black "Dedeiw"]
[Result "1-0"]
[WhiteElo "1623"]
[BlackElo "1689"]

1. e4 c6 2. d4 d5 3. Nc3 dxe4 4. Nxe4 Nd7 5. Bf4 Ngf6 6. Nxf6+ Nxf6 7. Bc4 Bf5
8. Ne2 e6 9. c3 Bd6 10. Bxd6 Qxd6 11. Qd2 Ne4 12. Qf4 g5 13. Qf3 h5 14. Ng3 Nxg3
15. Qxg3 1-0

[Event "AUTO-OPEN-2465"]
[Site "http://www.queenalice.com/game.php?id=980652"]
[Date "2011.9.3"]
[Round "1"]
[White "Dedeiw"]
[Black "DanPessegueiro"]
[Result "0-1"]
[WhiteElo "1635"]
[BlackElo "1298"]

1. e4 e5 2. Nf3 Nc6 3. Bc4 Nf6 4. d3 Bc5 5. c3 Ng4 6. O-O Bxf2+ 7. Rxf2 Nxf2 8.
Kxf2 O-O 9. Bg5 Ne7 10. Nxe5 h6 11. Bh4 g5 12. Bg3 d6 13. Nf3 c6 14. Kg1 d5 15.
exd5 cxd5 16. Bb3 Nf5 17. Bf2 Be6 18. d4 a5 19. Bc2 g4 20. Ne5 Qc7 21. Qxg4+ Ng7
22. Qh4 f6 23. Qxh6 Nf5 24. Bxf5 Bxf5 25. Ng6 Bxg6 26. Qxg6+ Qg7 27. Qxg7+ Kxg7
28. Nd2 Rh8 29. Nf3 Rh7 30. h4 Kg6 31. g4 f5 32. Ne5+ Kf6 33. g5+ Ke6 34. Re1
Kd6 35. g6 Rg7 36. h5 Re8 0-1

[Event "AUTO-OPEN-2465"]
[Site "http://www.queenalice.com/game.php?id=980653"]
[Date "2011.9.3"]
[Round "1"]
[White "DanPessegueiro"]
[Black "Dedeiw"]
[Result "0-1"]
[WhiteElo "1327"]
[BlackElo "1816"]

1. e4 c6 2. Bc4 d5 3. exd5 cxd5 4. Bf1 Nc6 5. Bb5 Nf6 6. c4 a6 7. Bxc6+ bxc6 8.
Nc3 e6 9. d3 Qc7 10. Nf3 Be7 11. Bg5 O-O 12. Bxf6 Bxf6 13. Ne2 Bxb2 14. Rb1 Bf6
15. g3 dxc4 16. dxc4 Rd8 17. Qc2 c5 18. g4 Bb7 19. Rb3 Rd7 20. O-O Rad8 21. g5
Bxf3 22. gxf6 Rd2 23. Qc1 Bxe2 24. Re1 Rd1 25. Rxd1 Rxd1+ 26. Qxd1 Bxd1 27. Rg3
g6 28. Rd3 Ba4 0-1

[Event "AUTO-OPEN-2465"]
[Site "http://www.queenalice.com/game.php?id=980654"]
[Date "2011.9.3"]
[Round "1"]
[White "Dedeiw"]
[Black "cynnara"]
[Result "0-1"]
[WhiteElo "1716"]
[BlackElo "1938"]

1. e4 e5 2. Nf3 Nc6 3. Bc4 Nf6 4. d3 Bc5 5. c3 O-O 6. Nbd2 a6 7. O-O Ba7 8. h3
d6 9. Bb3 Na5 10. Bc2 h6 11. Re1 Re8 12. Nf1 Be6 13. Ng3 Rc8 0-1

[Event "AUTO-OPEN-2465"]
[Site "http://www.queenalice.com/game.php?id=980655"]
[Date "2011.9.3"]
[Round "1"]
[White "cynnara"]
[Black "Dedeiw"]
[Result "1-0"]
[WhiteElo "1930"]
[BlackElo "1724"]

1. d4 Nf6 2. Nc3 d5 3. Nf3 Bf5 4. Bf4 e6 5. e3 Bd6 6. Ne5 Nbd7 7. Bd3 Bg6 8. O-O
O-O 9. h3 a6 10. Qf3 Qe7 11. e4 dxe4 12. Nxe4 Nxe4 13. Bxe4 1-0